000 00743nam a2200241 i 4500
001 bg
100 1 _aMagdziak, Marek.
245 0 0 _aCatia V5 - podstawy /
_cMarek Magdziak.
260 _aRzeszów :
_bOficyna Wydawnicza Politechniki Rzeszowskiej,
_c2007.
300 _a153 s. :
_bil. ;
_c24 cm.
504 _aBibliogr. s. 153.
521 _aSkrypt dla studentów Wydziału Budowy Maszyn i Lotnictwa do laboratoriów z przedmiotu "Zaawansowane systemy CAD/CAM".
650 9 _aCATIA
655 _aPodręczniki akademickie
020 _a9788371994760
040 _cBPK
041 _apol
044 _aPOL
080 _a004.42:004.92](07)
920 _a978-83-7199-476-0
942 _cKS
008 s pl f |000 0 pol
999 _c55458
_d55458
856 _uhttp://koha.tu.koszalin.pl/cgi-bin/koha/opac-detail.pl?biblionumber=55458
_yKatalog online BPK